000 00397pab a2200157 454500
008 180718b2014 xxu||||| |||| 00| 0 eng d
100 _aJaising, Indira
245 _aConcern for the dead, condemnation for the living
260 _c2014
300 _ap.34-38.
362 _a26 Jul
650 _aDomestic violence
773 _aEconomic and Political Weekly
908 _aN
909 _a104741
999 _c104736
_d104736